[Event "DEM U16 2012"]
[Site "Oberhof GER"]
[Date "2012.05.27"]
[Round "2"]
[White "Möhn, Hans"]
[Black "Adiyaman, Rene"]
[Result "1-0"]
[Termination "normal"]
[Board "17"]
[WhiteElo "2106"]
[BlackElo "1860"]
[PlyCount "71"]
[WhiteFideId "24647837"]
[BlackFideId "12910414"]
[EventCountry "GER"]
[EventRounds "9"]
[EventType "swiss"]
[EventDate "2012.05.26"]

1. d4 g6 2. e4 Bg7 3. Nc3 d6 4. Be3 Nd7 5. Qd2 e5 6. d5 Nc5 7. Bb5+ Bd7 8.
Bxd7+ Qxd7 9. O-O-O Na4 10. f3 Ne7 11. Kb1 h6 12. Nxa4 Qxa4 13. g4 Nc8 14. h4
Nb6 15. Qd3 Qc4 16. h5 g5 17. Ne2 Qa4 18. b3 Qd7 19. c4 Bf8 20. Rc1 c5 21. dxc6
bxc6 22. c5 dxc5 23. Qc3 f6 24. Rhd1 Qb7 25. Ka1 Nd7 26. Ng3 O-O-O 27. Nf5 Kc7
28. Qc4 Qb5 29. Qf7 Qe2 30. Rd2 Qa6 31. Rcd1 Qc8 32. Kb2 c4 33. Qxc4 Rh7 34.
Kb1 Be7 35. Nxe7 Rxe7 36. Qb4 1-0

[Event "DEM U16 2012"]
[Site "Oberhof GER"]
[Date "2012.05.28"]
[Round "3"]
[White "Noe, Christopher"]
[Black "Möhn, Hans"]
[Result "1/2-1/2"]
[Termination "normal"]
[Board "2"]
[WhiteElo "2158"]
[BlackElo "2106"]
[PlyCount "55"]
[WhiteFideId "24692018"]
[BlackFideId "24647837"]
[EventCountry "GER"]
[EventRounds "9"]
[EventType "swiss"]
[EventDate "2012.05.26"]

1. c4 c5 2. Nf3 g6 3. d4 cxd4 4. Nxd4 Bg7 5. e4 Nc6 6. Be3 Nf6 7. Nc3 Ng4 8.
Qxg4 Nxd4 9. Qd1 Ne6 10. Qd2 Qa5 11. Rc1 b6 12. Bd3 g5 13. O-O Bb7 14. Rfd1 Qe5
15. b3 d6 16. Nd5 Rg8 17. b4 Rd8 18. f3 Bh8 19. Bf1 h5 20. Bf2 h4 21. c5 dxc5
22. bxc5 Bxd5 23. exd5 Nxc5 24. Qb4 Kf8 25. Bxc5 bxc5 26. Qxc5 Qf4 27. Rc4 Qb8
28. Kh1 1/2-1/2

[Event "DEM U16 2012"]
[Site "Oberhof GER"]
[Date "2012.05.28"]
[Round "3"]
[White "Kyas, Philipp"]
[Black "Lampert, Jonas"]
[Result "0-1"]
[Termination "normal"]
[Board "3"]
[WhiteElo "2100"]
[BlackElo "2279"]
[PlyCount "100"]
[WhiteFideId "24670936"]
[BlackFideId "1303759"]
[EventCountry "GER"]
[EventRounds "9"]
[EventType "swiss"]
[EventDate "2012.05.26"]

1. d4 d5 2. c4 c6 3. Nf3 Nf6 4. Nc3 e6 5. e3 Nbd7 6. Qc2 Bd6 7. e4 Nxe4 8. Nxe4
dxe4 9. Qxe4 c5 10. Bg5 Be7 11. Bxe7 Qa5+ 12. Ke2 Kxe7 13. g3 Qb4 14. Qc2 b5
15. Ke3 Bb7 16. Qc3 cxd4+ 17. Qxd4 e5 18. Qc3 Qc5+ 19. Ke2 Bxf3+ 20. Qxf3 Qxc4+
21. Qd3 Qb4 22. Rd1 Nf6 23. a3 Qxb2+ 24. Rd2 Qd4 25. Qxd4 exd4 26. Rxd4 Rhd8
27. Ke3 Rxd4 28. Kxd4 Rd8+ 29. Kc5 Ne4+ 30. Kxb5 Nxf2 31. Rg1 Rd1 32. Ka6 Ng4
33. Rh1 Ne3 34. Bg2 Rd6+ 35. Kxa7 Nxg2 36. Rg1 Ne3 37. Re1 Rd3 38. a4 Ra3 39.
Kb7 Kd7 40. a5 Rb3+ 41. Ka7 Nc4 42. a6 Nd6 43. Rd1 Rb4 44. Ka8 Ra4 45. Ka7 Kc7
46. Rc1+ Rc4 47. Rb1 Rc6 48. Ra1 Nb5+ 49. Ka8 Kc8 50. Ra5 Rb6 0-1

[Event "DEM U16 2012"]
[Site "Oberhof GER"]
[Date "2012.05.28"]
[Round "3"]
[White "Lerch, Philipp"]
[Black "Neef, Maximilian"]
[Result "1/2-1/2"]
[Termination "normal"]
[Board "4"]
[WhiteElo "2084"]
[BlackElo "2064"]
[PlyCount "50"]
[WhiteFideId "4654129"]
[BlackFideId "24692085"]
[EventCountry "GER"]
[EventRounds "9"]
[EventType "swiss"]
[EventDate "2012.05.26"]

1. c4 Nf6 2. g3 g6 3. Bg2 Bg7 4. Nc3 O-O 5. e4 c5 6. Nge2 Nc6 7. O-O d6 8. d3
Ne8 9. Be3 Nc7 10. d4 cxd4 11. Nxd4 Ne6 12. Nde2 Bd7 13. f4 b6 14. Qd2 Qc8 15.
Nd5 Re8 16. Rac1 Nf8 17. Rfd1 Rb8 18. Nd4 Nxd4 19. Bxd4 Bxd4+ 20. Qxd4 Qc5 21.
Qxc5 bxc5 22. Nc7 Rec8 23. Nd5 Re8 24. Nc7 Rec8 25. Nd5 Re8 1/2-1/2

[Event "DEM U16 2012"]
[Site "Oberhof GER"]
[Date "2012.05.28"]
[Round "3"]
[White "Powierski, Emil"]
[Black "Yankelevich, Lev"]
[Result "1/2-1/2"]
[Termination "normal"]
[Board "5"]
[WhiteElo "2044"]
[BlackElo "2162"]
[PlyCount "75"]
[WhiteFideId "4656199"]
[BlackFideId "24684074"]
[EventCountry "GER"]
[EventRounds "9"]
[EventType "swiss"]
[EventDate "2012.05.26"]

1. e4 Nf6 2. e5 Nd5 3. d4 d6 4. c4 Nb6 5. exd6 exd6 6. Nc3 Nc6 7. h3 Bf5 8. Be3
Be7 9. Nf3 O-O 10. b3 Bf6 11. Be2 d5 12. c5 Nc8 13. O-O Bg6 14. Nh2 b6 15. cxb6
axb6 16. Ng4 Nb4 17. Bf4 c6 18. Qd2 Be7 19. Ne5 Bf5 20. Rfc1 f6 21. Nd3 Nxd3
22. Bxd3 Bxd3 23. Qxd3 Bd6 24. Bxd6 Qxd6 25. Rc2 Ne7 26. Re1 Ng6 27. Ne2 Rfe8
28. Rec1 Nf4 29. Nxf4 Qxf4 30. Qd2 Qxd2 31. Rxd2 Rac8 32. Rdc2 Re6 33. b4 b5
34. Rc5 Kf7 35. Kf1 Re4 36. Rxd5 cxd5 37. Rxc8 Rxd4 38. a3 1/2-1/2

[Event "DEM U16 2012"]
[Site "Oberhof GER"]
[Date "2012.05.28"]
[Round "3"]
[White "Moritz, Aron"]
[Black "Imcke, Patrick"]
[Result "1-0"]
[Termination "normal"]
[Board "6"]
[WhiteElo "2130"]
[BlackElo "1855"]
[PlyCount "105"]
[WhiteFideId "24672319"]
[BlackFideId "4622502"]
[EventCountry "GER"]
[EventRounds "9"]
[EventType "swiss"]
[EventDate "2012.05.26"]

1. e4 e6 2. d4 d5 3. Nd2 Nf6 4. e5 Nfd7 5. Bd3 c5 6. c3 Nc6 7. Ne2 cxd4 8. cxd4
f6 9. exf6 Nxf6 10. O-O Bd6 11. Nf3 O-O 12. Bf4 Bxf4 13. Nxf4 Ne4 14. Qc1 Ng5
15. Nxg5 Qxg5 16. Bxh7+ Kxh7 17. Nxe6 Qxc1 18. Nxf8+ Kg8 19. Raxc1 Kxf8 20.
Rfd1 Be6 21. f3 Ke7 22. h4 Rh8 23. g3 Kd6 24. Rc3 Ne7 25. Rb3 Bc8 26. Kf2 Nf5
27. h5 Re8 28. g4 Nh6 29. Rc1 Nf7 30. Ra3 a6 31. Rb3 b5 32. Rbc3 Bd7 33. Ra3
Bc8 34. Re3 Rf8 35. Kg3 Ng5 36. Rh1 Rf6 37. Rhe1 Bd7 38. Ra3 Bc8 39. Re8 Kd7
40. Re5 Ne6 41. Rxd5+ Kc6 42. Re5 Nxd4 43. Rc3+ Kd6 44. Re4 Nc6 45. Rd3+ Kc7
46. Rf4 Rxf4 47. Kxf4 Be6 48. a3 Nd8 49. g5 Nf7 50. Rd2 Kc6 51. h6 gxh6 52.
gxh6 Nxh6 53. Ke5 1-0

[Event "DEM U16 2012"]
[Site "Oberhof GER"]
[Date "2012.05.28"]
[Round "3"]
[White "Stanau, Guido"]
[Black "Krause, Benedict"]
[Result "1/2-1/2"]
[Termination "normal"]
[Board "7"]
[WhiteElo "2094"]
[BlackElo "1930"]
[PlyCount "106"]
[WhiteFideId "24692255"]
[BlackFideId "12917990"]
[EventCountry "GER"]
[EventRounds "9"]
[EventType "swiss"]
[EventDate "2012.05.26"]

1. e4 c6 2. d4 d5 3. Nc3 dxe4 4. Nxe4 Bf5 5. Ng3 Bg6 6. h4 h6 7. h5 Bh7 8. Nf3
Nd7 9. Bd3 Bxd3 10. Qxd3 e6 11. Bd2 Ngf6 12. O-O-O Be7 13. Ne4 Nxe4 14. Qxe4
Nf6 15. Qd3 O-O 16. Kb1 Qd5 17. Rde1 Ng4 18. Qe2 Rfd8 19. Bc3 a5 20. Ne5 Nxe5
21. dxe5 Bb4 22. Rh3 Bxc3 23. Rxc3 Qd2 24. Rd3 Qxe2 25. Rxe2 Rxd3 26. cxd3 Rd8
27. Kc2 Rd4 28. f3 Rf4 29. Re3 g6 30. g3 Rf5 31. hxg6 fxg6 32. d4 h5 33. Kd3 g5
34. Ke4 h4 35. Re2 hxg3 36. Rg2 Rf4+ 37. Ke3 Rh4 38. Rxg3 Rh2 39. Rxg5+ Kf7 40.
b3 Rxa2 41. Kd3 Rb2 42. Kc3 Rf2 43. Rg1 b5 44. Ra1 Rxf3+ 45. Kc2 Rf2+ 46. Kd3
Rf3+ 47. Kc2 b4 48. Rxa5 Rc3+ 49. Kd2 Kg6 50. Ra8 Rxb3 51. Ra6 Rc3 52. Rb6 Rc4
53. Kd3 Rc3+ 1/2-1/2

[Event "DEM U16 2012"]
[Site "Oberhof GER"]
[Date "2012.05.28"]
[Round "3"]
[White "Florstedt, Johannes"]
[Black "Koop, Thorben"]
[Result "1-0"]
[Termination "normal"]
[Board "8"]
[WhiteElo "2093"]
[BlackElo "2141"]
[PlyCount "135"]
[WhiteFideId "12922293"]
[BlackFideId "24661619"]
[EventCountry "GER"]
[EventRounds "9"]
[EventType "swiss"]
[EventDate "2012.05.26"]

1. e4 c5 2. c3 d5 3. exd5 Qxd5 4. d4 Nc6 5. Nf3 Bf5 6. dxc5 Qxd1+ 7. Kxd1 Nf6
8. Be3 Ng4 9. Nbd2 e5 10. b4 f6 11. Bb5 O-O-O 12. Ke2 g5 13. Nb3 Ne7 14. Bc4
Nxe3 15. fxe3 Bg7 16. Rad1 Rxd1 17. Kxd1 Rd8+ 18. Ke2 Nd5 19. Rc1 Be6 20. Kf2
g4 21. e4 gxf3 22. exd5 Bxd5 23. Bxd5 Rxd5 24. gxf3 Bh6 25. Rg1 Bg5 26. Ke2 Rd7
27. Rd1 Rg7 28. Rg1 Rd7 29. Rd1 Rg7 30. Rd6 f5 31. a4 Bh4 32. Kf1 e4 33. fxe4
fxe4 34. Re6 Rf7+ 35. Kg2 Be1 36. Rxe4 Bxc3 37. b5 Kd7 38. Re3 Bf6 39. Na5 Kc7
40. Rf3 Rg7+ 41. Kf1 Bd4 42. Nb3 Be5 43. h3 a6 44. Ke2 axb5 45. axb5 Re7 46.
Re3 b6 47. c6 Bf6 48. Nd4 Re5 49. Rxe5 Bxe5 50. Nf5 Kc8 51. Kf3 h5 52. Ng3 Kc7
53. Nxh5 Kd6 54. Nf4 Bf6 55. Nd3 Bd8 56. Kg4 Kd5 57. Kf5 Kc4 58. Ke6 Bc7 59.
Kd7 Bg3 60. c7 Bxc7 61. Kxc7 Kxb5 62. h4 Kc4 63. h5 b5 64. h6 Kxd3 65. h7 b4
66. h8=Q Kc2 67. Qh2+ Kc3 68. Qe5+ 1-0

[Event "DEM U16 2012"]
[Site "Oberhof GER"]
[Date "2012.05.28"]
[Round "3"]
[White "Kühne, Niklas"]
[Black "Tennert, Simon"]
[Result "0-1"]
[Termination "normal"]
[Board "9"]
[WhiteElo "1724"]
[BlackElo "2074"]
[PlyCount "72"]
[WhiteFideId "24690015"]
[BlackFideId "1270445"]
[EventCountry "GER"]
[EventRounds "9"]
[EventType "swiss"]
[EventDate "2012.05.26"]

1. c4 e5 2. Nc3 Bb4 3. e3 Nf6 4. Nge2 O-O 5. g3 c6 6. Bg2 d5 7. cxd5 cxd5 8. d4
exd4 9. Nxd4 Nc6 10. O-O Bxc3 11. bxc3 Na5 12. Nb3 Nc4 13. Nd2 Bg4 14. Qc2 Rc8
15. Nxc4 Rxc4 16. f3 Bd7 17. Qd2 Re8 18. Rb1 Qc8 19. Bb2 b6 20. Rfe1 Bh3 21.
Rbd1 Be6 22. Bf1 Rc5 23. Rc1 Ra5 24. Ba1 Qc7 25. Rc2 Nd7 26. c4 dxc4 27. Qd4
Ne5 28. Qf4 f6 29. Rec1 Qb7 30. Bc3 Nxf3+ 31. Kf2 Rf5 32. Qd6 Nd4+ 33. Kg1 Nxc2
34. Rxc2 Qf3 35. Bh3 Qxe3+ 36. Kh1 Bd5+ 0-1

[Event "DEM U16 2012"]
[Site "Oberhof GER"]
[Date "2012.05.28"]
[Round "3"]
[White "Arnoczky, Philipp"]
[Black "Müller, Nick"]
[Result "0-1"]
[Termination "normal"]
[Board "10"]
[WhiteElo "1999"]
[BlackElo "2065"]
[PlyCount "52"]
[WhiteFideId "12913243"]
[BlackFideId "24692093"]
[EventCountry "GER"]
[EventRounds "9"]
[EventType "swiss"]
[EventDate "2012.05.26"]

1. d4 Nf6 2. c4 g6 3. Nc3 d5 4. e3 Bg7 5. Qb3 e6 6. Nf3 O-O 7. Be2 b6 8. O-O
dxc4 9. Bxc4 Bb7 10. Be2 Nbd7 11. Qc2 c5 12. Rd1 Qe7 13. e4 cxd4 14. Nxd4 Rac8
15. f3 a6 16. Kh1 b5 17. a3 Nc5 18. Bg5 e5 19. Nb3 Ne6 20. Be3 Nh5 21. Qd2 Rfd8
22. Qe1 Nd4 23. Bxd4 exd4 24. Na2 d3 25. Bxd3 Bxb2 26. Rab1 Qxa3 0-1

[Event "DEM U16 2012"]
[Site "Oberhof GER"]
[Date "2012.05.28"]
[Round "3"]
[White "Gibicar, Danijel"]
[Black "Grötzbach, Julian"]
[Result "1-0"]
[Termination "normal"]
[Board "11"]
[WhiteElo "2100"]
[BlackElo "2042"]
[PlyCount "73"]
[WhiteFideId "24660256"]
[BlackFideId "24600938"]
[EventCountry "GER"]
[EventRounds "9"]
[EventType "swiss"]
[EventDate "2012.05.26"]

1. d4 d5 2. c4 c6 3. cxd5 cxd5 4. Nc3 Nf6 5. Bf4 Nc6 6. e3 e6 7. Bd3 Bd6 8.
Bxd6 Qxd6 9. f4 Bd7 10. Nf3 Ng8 11. Ne5 g6 12. O-O f5 13. a3 Nf6 14. Na4 O-O
15. Rc1 Rac8 16. Nc5 Rc7 17. Rf2 Rfc8 18. Rfc2 Nd8 19. Qd2 b6 20. Na6 Rxc2 21.
Rxc2 Rxc2 22. Qxc2 Ne8 23. a4 Kf8 24. Bb5 Bxb5 25. axb5 Qe7 26. h3 Nd6 27. Nc6
Qd7 28. Nab8 Qc7 29. Qa4 Nxc6 30. Nxc6 Nc8 31. Kf2 Ke8 32. g4 Kf7 33. g5 Kg7
34. h4 Kg8 35. Kf3 Kg7 36. Qa6 Kg8 37. Qxc8+ 1-0

[Event "DEM U16 2012"]
[Site "Oberhof GER"]
[Date "2012.05.28"]
[Round "3"]
[White "Schreiber, Kevin"]
[Black "Grewenig, Jan"]
[Result "0-1"]
[Termination "normal"]
[Board "12"]
[WhiteElo "1869"]
[BlackElo "1918"]
[PlyCount "54"]
[WhiteFideId "24655830"]
[BlackFideId "4657330"]
[EventCountry "GER"]
[EventRounds "9"]
[EventType "swiss"]
[EventDate "2012.05.26"]

1. d4 Nf6 2. Bg5 e6 3. e3 Be7 4. Bd3 b6 5. Nf3 Bb7 6. Nbd2 c5 7. c3 d6 8. O-O
Nbd7 9. Qe2 h6 10. Bxf6 Bxf6 11. e4 e5 12. Nc4 Qe7 13. dxe5 Bxe5 14. Ne3 O-O
15. Nxe5 Nxe5 16. f3 Qe6 17. Rfd1 Rfd8 18. Ba6 Bxa6 19. Qxa6 Rd7 20. Nd5 Rf8
21. a4 f5 22. exf5 Rxf5 23. a5 Rdf7 24. axb6 axb6 25. Nxb6 Nxf3+ 26. Kh1 Qe3
27. Rd3 Ne1 0-1

[Event "DEM U16 2012"]
[Site "Oberhof GER"]
[Date "2012.05.28"]
[Round "3"]
[White "Kreyssig, Robert"]
[Black "Knopf, Felix"]
[Result "0-1"]
[Termination "normal"]
[Board "13"]
[WhiteElo "1935"]
[BlackElo "1790"]
[PlyCount "78"]
[WhiteFideId "4662881"]
[BlackFideId "24692204"]
[EventCountry "GER"]
[EventRounds "9"]
[EventType "swiss"]
[EventDate "2012.05.26"]

1. e4 c5 2. Nf3 d6 3. d4 cxd4 4. Nxd4 Nf6 5. Nc3 a6 6. Be3 e6 7. Be2 Nbd7 8. g4
h6 9. Qd2 b5 10. a3 Bb7 11. f3 Qc7 12. O-O-O d5 13. exd5 Nxd5 14. Nxd5 Bxd5 15.
Kb1 Qb7 16. h4 b4 17. b3 Rc8 18. a4 Rc3 19. Rhe1 Nc5 20. g5 Qd7 21. Kb2 Be7 22.
gxh6 Bf6 23. Bg5 Nxa4+ 24. Kb1 Rc5 25. bxa4 Qxa4 26. Nb3 Bc3 27. Qxc3 Rxc3 28.
Rxd5 Rxb3+ 29. cxb3 Qxb3+ 30. Ka1 Qc3+ 31. Ka2 Qa3+ 32. Kb1 Qb3+ 33. Kc1 Qxd5
34. hxg7 Qc5+ 35. Kb1 Qf5+ 36. Kc1 Rg8 37. Rd1 f6 38. Bh6 Qh5 39. Bd2 Rxg7 0-1

[Event "DEM U16 2012"]
[Site "Oberhof GER"]
[Date "2012.05.28"]
[Round "3"]
[White "Stahnecker, Ludwig"]
[Black "Katz, Leo"]
[Result "1-0"]
[Termination "normal"]
[Board "14"]
[WhiteElo "2101"]
[BlackElo "1817"]
[PlyCount "55"]
[WhiteFideId "24692026"]
[BlackFideId "12918458"]
[EventCountry "GER"]
[EventRounds "9"]
[EventType "swiss"]
[EventDate "2012.05.26"]

1. e4 e6 2. d4 d5 3. Nc3 Nf6 4. Bg5 Be7 5. e5 Nfd7 6. Bxe7 Qxe7 7. f4 O-O 8.
Nf3 c5 9. Qd2 Nc6 10. dxc5 Nxc5 11. O-O-O a6 12. Bd3 b5 13. Kb1 b4 14. Ne2 a5
15. Rhe1 Ba6 16. Ng3 b3 17. Bxa6 bxa2+ 18. Ka1 Rxa6 19. f5 Rb8 20. f6 gxf6 21.
Nh5 Qb7 22. Nxf6+ Kh8 23. Qc1 Qb4 24. Re3 d4 25. Nxd4 Nxd4 26. Rxd4 Qxd4 27.
Rh3 Kg7 28. Qh6+ 1-0

[Event "DEM U16 2012"]
[Site "Oberhof GER"]
[Date "2012.05.28"]
[Round "3"]
[White "Persch, Adrian"]
[Black "Pixa, Richard"]
[Result "0-1"]
[Termination "normal"]
[Board "15"]
[WhiteElo "2030"]
[BlackElo "1875"]
[PlyCount "64"]
[WhiteFideId "24698830"]
[BlackFideId "4626095"]
[EventCountry "GER"]
[EventRounds "9"]
[EventType "swiss"]
[EventDate "2012.05.26"]

1. c4 e6 2. Nc3 d5 3. d4 c6 4. Bf4 dxc4 5. a4 Bb4 6. e3 b5 7. axb5 cxb5 8. Qf3
Qd5 9. Bxb8 Rxb8 10. Qg3 e5 11. Rxa7 g6 12. Be2 Ne7 13. Nf3 Nc6 14. Ra1 O-O 15.
dxe5 Bb7 16. O-O Bxc3 17. bxc3 Rfe8 18. Rfd1 Qe4 19. e6 Qxe6 20. Rd6 Qf5 21.
Qh4 h5 22. Nd4 Nxd4 23. Qxd4 Qg5 24. g3 Ra8 25. Rd1 Qf5 26. Rf6 Qc2 27. Qd7
Qxe2 28. Rxf7 Qxd1+ 29. Qxd1 Kxf7 30. f4 Red8 31. Qb1 Rd2 32. e4 Bxe4 0-1

[Event "DEM U16 2012"]
[Site "Oberhof GER"]
[Date "2012.05.28"]
[Round "3"]
[White "Kardoeus, David"]
[Black "Passon, Marcel"]
[Result "1/2-1/2"]
[Termination "normal"]
[Board "16"]
[WhiteElo "1771"]
[BlackElo "1894"]
[PlyCount "78"]
[WhiteFideId "12912050"]
[BlackFideId "12905186"]
[EventCountry "GER"]
[EventRounds "9"]
[EventType "swiss"]
[EventDate "2012.05.26"]

1. b3 Nf6 2. Bb2 e6 3. e3 c5 4. f4 b6 5. Nf3 Bb7 6. Be2 Nc6 7. O-O Qc7 8. c4
Be7 9. Nc3 a6 10. d3 O-O 11. Qd2 Ne8 12. Rae1 f5 13. d4 cxd4 14. exd4 Bd6 15.
Ne5 Nxd4 16. Bd1 Bxe5 17. Rxe5 d6 18. Re3 e5 19. Nd5 Bxd5 20. cxd5 Qc5 21. Kh1
Qxd5 22. Bf3 Qb5 23. Rd1 Nxf3 24. gxf3 e4 25. Rg1 Ra7 26. Qd4 d5 27. Qe5 Qd7
28. fxe4 fxe4 29. Reg3 Rf7 30. Qb8 d4 31. Bxd4 Qxd4 32. Rxg7+ Qxg7 33. Qxe8+
Rf8 34. Rxg7+ Rxg7 35. Qxe4 Rgf7 36. Qe6 Kg7 37. Qxb6 Rxf4 38. Qxa6 Rf1+ 39.
Kg2 R8f2+ 1/2-1/2

[Event "DEM U16 2012"]
[Site "Oberhof GER"]
[Date "2012.05.28"]
[Round "3"]
[White "Adiyaman, Rene"]
[Black "Galkin, Wladislaw"]
[Result "0-1"]
[Termination "normal"]
[Board "17"]
[WhiteElo "1860"]
[BlackElo "1989"]
[PlyCount "39"]
[WhiteFideId "12910414"]
[BlackFideId "4603192"]
[EventCountry "GER"]
[EventRounds "9"]
[EventType "swiss"]
[EventDate "2012.05.26"]

1. e4 e5 2. Nf3 Nc6 3. d4 exd4 4. Nxd4 Nf6 5. Nxc6 bxc6 6. e5 Qe7 7. Qe2 Nd5 8.
Nd2 g6 9. Nf3 Bg7 10. c4 Nb6 11. Bg5 Qe6 12. Bf4 O-O 13. Ng5 Qe7 14. Qe3 Re8
15. Ne4 Ba6 16. Nd2 Bxe5 17. O-O-O Bxb2+ 18. Kxb2 Qf6+ 19. Kc2 Rxe3 20. Bxe3
0-1

[Event "DEM U16 2012"]
[Site "Oberhof GER"]
[Date "2012.05.29"]
[Round "4"]
[White "Lampert, Jonas"]
[Black "Kvetny, Mark"]
[Result "1-0"]
[Termination "normal"]
[Board "1"]
[WhiteElo "2279"]
[BlackElo "2230"]
[PlyCount "57"]
[WhiteFideId "1303759"]
[BlackFideId "24603929"]
[EventCountry "GER"]
[EventRounds "9"]
[EventType "swiss"]
[EventDate "2012.05.26"]

1. e4 c5 2. Nf3 d6 3. d4 cxd4 4. Nxd4 Nf6 5. Nc3 a6 6. Bg5 e6 7. f4 Nc6 8. e5
h6 9. Bh4 g5 10. Bg3 Nd5 11. Nxd5 exd5 12. Be2 Bg7 13. Nxc6 bxc6 14. exd6 Qb6
15. Rb1 O-O 16. Bf2 Qb4+ 17. Qd2 Qxd2+ 18. Kxd2 Rd8 19. fxg5 hxg5 20. Bg3 Bf8
21. h4 gxh4 22. Rxh4 Bxd6 23. Rbh1 Bf8 24. Rh8+ Kg7 25. R1h7+ Kg6 26. Bh5+ Kg5
27. Rg8+ Kf5 28. Rxf7+ Ke4 29. Rf4+ 1-0

[Event "DEM U16 2012"]
[Site "Oberhof GER"]
[Date "2012.05.29"]
[Round "4"]
[White "Möhn, Hans"]
[Black "Moritz, Aron"]
[Result "1-0"]
[Termination "normal"]
[Board "2"]
[WhiteElo "2106"]
[BlackElo "2130"]
[PlyCount "83"]
[WhiteFideId "24647837"]
[BlackFideId "24672319"]
[EventCountry "GER"]
[EventRounds "9"]
[EventType "swiss"]
[EventDate "2012.05.26"]

1. e4 g6 2. d4 Bg7 3. Nc3 d6 4. Be3 a6 5. f4 b5 6. Bd3 Nd7 7. Nf3 e6 8. O-O Ne7
9. f5 exf5 10. exf5 Nf6 11. Nh4 Bb7 12. Qd2 O-O 13. Bg5 c5 14. Rae1 c4 15. Be4
Qb6 16. Bxb7 Qxb7 17. fxg6 fxg6 18. Qe2 Ned5 19. Qe6+ Kh8 20. Qh3 Nh5 21. Ne2
Nb4 22. Qc3 a5 23. a3 Qd5 24. axb4 Qxg5 25. Nf3 Qd5 26. bxa5 Rae8 27. Qd2 Qa8
28. b4 cxb3 29. cxb3 Re4 30. b4 Rg4 31. h3 Re4 32. Nc3 Ref4 33. Qd3 Ng3 34. Rf2
R4f5 35. Rd1 Qc6 36. Kh2 Bh6 37. d5 Qc8 38. Nxb5 Bf4 39. Kg1 Kg8 40. Nfd4 Rxd5
41. Qb3 Kh8 42. Rxf4 1-0

[Event "DEM U16 2012"]
[Site "Oberhof GER"]
[Date "2012.05.29"]
[Round "4"]
[White "Neef, Maximilian"]
[Black "Noe, Christopher"]
[Result "1-0"]
[Termination "normal"]
[Board "3"]
[WhiteElo "2064"]
[BlackElo "2158"]
[PlyCount "91"]
[WhiteFideId "24692085"]
[BlackFideId "24692018"]
[EventCountry "GER"]
[EventRounds "9"]
[EventType "swiss"]
[EventDate "2012.05.26"]

1. d4 g6 2. e4 Bg7 3. Nc3 d6 4. Be3 Nf6 5. Qd2 O-O 6. f3 e5 7. d5 Ne8 8. O-O-O
f5 9. Kb1 f4 10. Bf2 Nf6 11. g4 Ne8 12. h4 h6 13. h5 g5 14. Nge2 c5 15. dxc6
bxc6 16. Nc1 Be6 17. Na4 Nd7 18. c4 Qc7 19. Nc3 Bf6 20. Bd3 Be7 21. Qe2 Nef6
22. Nb3 Rfd8 23. Ka1 Rab8 24. c5 Bxb3 25. cxd6 Bxd6 26. axb3 Kg7 27. Bc4 Bc5
28. Na4 Qa5 29. Kb1 Bxf2 30. Qxf2 Qc7 31. Rd3 Nf8 32. Rhd1 Rxd3 33. Rxd3 N8d7
34. Nc5 Qb6 35. Ne6+ Kh8 36. Qd2 Qb7 37. Rd6 Re8 38. Qa5 Qb6 39. Qxb6 axb6 40.
Rxc6 Rb8 41. Bb5 Kg8 42. Rc7 Nf8 43. Ng7 Kh8 44. Nf5 Ng8 45. Bc4 b5 46. Bxg8
1-0

[Event "DEM U16 2012"]
[Site "Oberhof GER"]
[Date "2012.05.29"]
[Round "4"]
[White "Carow, Johannes"]
[Black "Powierski, Emil"]
[Result "1-0"]
[Termination "normal"]
[Board "4"]
[WhiteElo "2206"]
[BlackElo "2044"]
[PlyCount "55"]
[WhiteFideId "24692050"]
[BlackFideId "4656199"]
[EventCountry "GER"]
[EventRounds "9"]
[EventType "swiss"]
[EventDate "2012.05.26"]

1. d4 Nf6 2. c4 c5 3. d5 b5 4. cxb5 a6 5. bxa6 g6 6. Nc3 Bxa6 7. g3 d6 8. Bg2
Bg7 9. Nf3 Nfd7 10. Bd2 Nb6 11. b3 Bb7 12. e4 Ba6 13. Rc1 O-O 14. a4 N8d7 15.
Bf1 e6 16. Bxa6 Rxa6 17. dxe6 fxe6 18. O-O Qa8 19. Ng5 Ne5 20. Be3 Qc8 21. Qxd6
Nxa4 22. Nd5 Kh8 23. Qe7 exd5 24. bxa4 dxe4 25. Rxc5 Qe8 26. Rxe5 Qxa4 27. Rxe4
Qc6 28. Bd4 1-0

[Event "DEM U16 2012"]
[Site "Oberhof GER"]
[Date "2012.05.29"]
[Round "4"]
[White "Yankelevich, Lev"]
[Black "Galkin, Wladislaw"]
[Result "0-1"]
[Termination "normal"]
[Board "5"]
[WhiteElo "2162"]
[BlackElo "1989"]
[PlyCount "82"]
[WhiteFideId "24684074"]
[BlackFideId "4603192"]
[EventCountry "GER"]
[EventRounds "9"]
[EventType "swiss"]
[EventDate "2012.05.26"]

1. e4 e5 2. Nf3 Nc6 3. Bb5 a6 4. Ba4 Nf6 5. O-O b5 6. Bb3 Be7 7. d4 d6 8. h3
O-O 9. c3 exd4 10. cxd4 Na5 11. Bc2 Bb7 12. Qe2 Re8 13. Qd2 Nc4 14. Qf4 Nh5 15.
Qg4 Nf6 16. Qf5 g6 17. Qf4 Nh5 18. Qh2 Bf8 19. b3 Na5 20. Nbd2 Bg7 21. Ba3 Nc6
22. d5 Nd4 23. Nxd4 Bxd4 24. Rad1 a5 25. Nf3 Bg7 26. Nd4 Qd7 27. f4 b4 28. Bb2
Ba6 29. Rfe1 f5 30. Bc1 fxe4 31. Rxe4 Nf6 32. Rxe8+ Rxe8 33. Qg3 Nxd5 34. Kh2
Nc3 35. Qf3 Nxd1 36. Bxd1 c5 37. Ne2 Qb7 38. Qf2 Qd5 39. Qf1 Qe4 40. Ng3 Bxf1
41. Nxe4 Rxe4 0-1

[Event "DEM U16 2012"]
[Site "Oberhof GER"]
[Date "2012.05.29"]
[Round "4"]
[White "Tennert, Simon"]
[Black "Krause, Benedict"]
[Result "1/2-1/2"]
[Termination "normal"]
[Board "6"]
[WhiteElo "2074"]
[BlackElo "1930"]
[PlyCount "51"]
[WhiteFideId "1270445"]
[BlackFideId "12917990"]
[EventCountry "GER"]
[EventRounds "9"]
[EventType "swiss"]
[EventDate "2012.05.26"]

1. e4 c6 2. d4 d5 3. exd5 cxd5 4. c4 Nf6 5. Nc3 Nc6 6. Bg5 dxc4 7. Bxc4 h6 8.
Bf4 e6 9. Nf3 Bd6 10. Be5 O-O 11. O-O a6 12. a3 b5 13. Ba2 Bb7 14. Re1 Na5 15.
Qe2 Rc8 16. Rac1 Qe7 17. Nd2 Rfd8 18. b4 Nc6 19. Nb3 Bxe5 20. dxe5 Nd5 21. Nc5
Nd4 22. Qg4 Nxc3 23. Rxc3 Qg5 24. Qxg5 hxg5 25. f3 Bd5 26. Bxd5 1/2-1/2

[Event "DEM U16 2012"]
[Site "Oberhof GER"]
[Date "2012.05.29"]
[Round "4"]
[White "Müller, Nick"]
[Black "Lerch, Philipp"]
[Result "1/2-1/2"]
[Termination "normal"]
[Board "7"]
[WhiteElo "2065"]
[BlackElo "2084"]
[PlyCount "102"]
[WhiteFideId "24692093"]
[BlackFideId "4654129"]
[EventCountry "GER"]
[EventRounds "9"]
[EventType "swiss"]
[EventDate "2012.05.26"]

1. e4 e5 2. Nf3 Nc6 3. Bb5 a6 4. Ba4 Nf6 5. O-O b5 6. Bb3 Bc5 7. c3 d6 8. d4
Bb6 9. a4 Rb8 10. axb5 axb5 11. Na3 O-O 12. Nxb5 Bg4 13. Bc2 Bxf3 14. gxf3 Nh5
15. Kh1 Qf6 16. Be3 exd4 17. cxd4 Nf4 18. Rg1 Ne6 19. Ra4 Ne7 20. Rg3 Ng6 21.
Nc3 c6 22. Ne2 c5 23. d5 Nef4 24. Nxf4 Nxf4 25. Qd2 Nh5 26. Rh3 g6 27. Qc1 c4
28. Bg5 Qd4 29. Be3 Qe5 30. f4 Bxe3 31. fxe3 Qxb2 32. Qxb2 Rxb2 33. Rxc4 Ra8
34. Rf3 Ra1+ 35. Kg2 Re1 36. e5 Rd1 37. Rf2 Rxd5 38. exd6 Rxd6 39. Kf3 Ra6 40.
Rd2 Nf6 41. Rc3 Ra1 42. Rb3 Rba2 43. Rbd3 Rf1+ 44. Kg2 Rc1 45. Rc3 Ne4 46. Rc8+
Kg7 47. Re2 Nd6 48. Rc7 Nb5 49. Rxf7+ Kg8 50. Rc7 Kf8 51. Rc8+ Kg7 1/2-1/2